Chozrasčot a vnútropodnikové riadenie v cestovnom ruchu a spoločnom stravovaní zborník : Bojnice, hotel Régia, 29.10.1985

Salvato in:
Dettagli Bibliografici
Natura: Libro
Lingua:slovacco
Pubblicazione: Banská Bystrica Dom techniky ČSVTS 1985
Tags: Aggiungi Tag
Nessun Tag, puoi essere il primo ad aggiungerne!!

MARC

LEADER 00000nam a2200000 4500
001 c104860
005 20181203150249.2
041 0 |a slo 
044 |a SK 
245 1 0 |a Chozrasčot a vnútropodnikové riadenie v cestovnom ruchu a spoločnom stravovaní  |b zborník : Bojnice, hotel Régia, 29.10.1985 
264 1 |a Banská Bystrica  |b Dom techniky ČSVTS  |c 1985 
300 |a 123 s.